| 000 | 00638nam a22002177a 4500 | ||
|---|---|---|---|
| 003 | DO-SdBNP | ||
| 005 | 20221115075552.0 | ||
| 007 | ta | ||
| 008 | 110301s2022 dr 000 0 spa d | ||
| 020 | _a9789945222159 | ||
| 040 |
_aDO-SdBNP _bspa _cBNPHU |
||
| 082 | 4 |
_axxxx _bR696s |
|
| 100 | 1 |
_aRodríguez Diloné, Javier _953018 |
|
| 245 | 1 | 0 |
_asobreviviente / _cJavier Rodríguez Diloné |
| 260 |
_aSanto Domingo : _bCafé Ritual, _c2022. |
||
| 300 |
_a111 p. : _c21 cm. |
||
| 500 | _aIncluye datos biográficos del autor en la solapa de la portada. | ||
| 590 | _aInventariado, 2022/ YL | ||
| 910 | _aYLockward | ||
| 942 |
_2ddc _cLBS1 |
||
| 999 |
_c52925 _d52925 |
||